Language Quiz

Random Language Quiz

Pictured Anagram Pairs II Quiz Stats

Quiz Updated Nov 17, 2015

Challenge
Share
Tweet
Score 0/18 Timer 05:00
3 Plays Today
% Correct
Angel-Angle
99.4%
Stool-Tools
92.9%
Ten-Net
92.2%
Taco-Coat
90.9%
Gum-Mug
89.7%
Cast-Cats
87.7%
Sink-Skin
85.8%
Brain-Brian
84.8%
Satan-Santa
83.8%
% Correct
Canoe-Ocean
80.9%
Leaf-Flea
78.7%
Brush-Shrub
77.1%
Sprite-Priest
77%
Vowels-Wolves
76.7%
Toto-Otto
66.2%
Fringe-Finger
62.3%
Cleats-Castle
57%
Thing-Night
54.4%

You're not logged in!

Compare scores with friends on all Sporcle quizzes.
Sign Up with Email
OR
Log In

You Might Also Like...

Show Comments

Extras

Top Quizzes Today


Score Distribution

Your Account Isn't Verified!

In order to create a playlist on Sporcle, you need to verify the email address you used during registration. Go to your Sporcle Settings to finish the process.